<?xml version="1.0" encoding="UTF-8"?>
<record
    xmlns:xsi="http://www.w3.org/2001/XMLSchema-instance"
    xsi:schemaLocation="http://www.loc.gov/MARC21/slim http://www.loc.gov/standards/marcxml/schema/MARC21slim.xsd"
    xmlns="http://www.loc.gov/MARC21/slim">

  <leader>01374nam a22002537a 4500</leader>
  <controlfield tag="001">8312</controlfield>
  <controlfield tag="003">FISKH</controlfield>
  <controlfield tag="005">20250909082752.0</controlfield>
  <controlfield tag="008">250909b        cb ||||| |||| 00| 0 eng d</controlfield>
  <datafield tag="020" ind1=" " ind2=" ">
    <subfield code="a">9789996388064</subfield>
  </datafield>
  <datafield tag="040" ind1=" " ind2=" ">
    <subfield code="a">FISKH</subfield>
    <subfield code="b">khr</subfield>
    <subfield code="c">FISKH</subfield>
    <subfield code="d">FISKH</subfield>
  </datafield>
  <datafield tag="050" ind1=" " ind2=" ">
    <subfield code="a">PZ7 </subfield>
  </datafield>
  <datafield tag="082" ind1=" " ind2=" ">
    <subfield code="a">495.916</subfield>
  </datafield>
  <datafield tag="100" ind1=" " ind2=" ">
    <subfield code="a">Anonymous </subfield>
  </datafield>
  <datafield tag="245" ind1=" " ind2=" ">
    <subfield code="a">&#x1795;&#x17D2;&#x179B;&#x17C2;&#x1788;&#x17BE; : </subfield>
    <subfield code="b">Fruit / </subfield>
  </datafield>
  <datafield tag="260" ind1=" " ind2=" ">
    <subfield code="a">Phnom Penh : </subfield>
    <subfield code="b">Wisdom Books, </subfield>
    <subfield code="c">2020. </subfield>
  </datafield>
  <datafield tag="300" ind1=" " ind2=" ">
    <subfield code="a">16 unnumbered pages : </subfield>
    <subfield code="b">color illustrations ; </subfield>
    <subfield code="c">30 cm</subfield>
  </datafield>
  <datafield tag="520" ind1=" " ind2=" ">
    <subfield code="a">&#x179F;&#x17C0;&#x179C;&#x1797;&#x17C5;&#x1795;&#x17B6;&#x178F;&#x17CB;&#x1796;&#x178E;&#x17CD;&#x1795;&#x17D2;&#x179B;&#x17C2;&#x1788;&#x17BE;&#x1793;&#x17C1;&#x17C7;&#x1785;&#x1784;&#x17CB;&#x1794;&#x1784;&#x17D2;&#x179A;&#x17C0;&#x1793;&#x1794;&#x17D2;&#x17A2;&#x17BC;&#x1793;&#x17D7; &#x1780;&#x17BB;&#x1798;&#x17B6;&#x179A;&#x1791;&#x17B6;&#x17C6;&#x1784;&#x17A2;&#x179F;&#x17CB;&#x17B2;&#x17D2;&#x1799;&#x179F;&#x17D2;&#x1782;&#x17B6;&#x179B;&#x17CB;&#x1796;&#x178E;&#x17CD; &#x1793;&#x17B7;&#x1784;&#x179A;&#x17C0;&#x1793;&#x179F;&#x179A;&#x179F;&#x17C1;&#x179A;&#x1796;&#x17B6;&#x1780;&#x17D2;&#x1799;&#x1781;&#x17D2;&#x179B;&#x17B8;&#x17D7;&#x1787;&#x17B6;&#x1797;&#x17B6;&#x179F;&#x17B6;&#x1781;&#x17D2;&#x1798;&#x17C2;&#x179A;&#x1793;&#x17B7;&#x1784;&#x17A2;&#x1784;&#x17CB;&#x1782;&#x17D2;&#x179B;&#x17C1;&#x179F; &#x17A0;&#x17BE;&#x1799;&#x1787;&#x17B6;&#x1796;&#x17B7;&#x179F;&#x17C1;&#x179F;&#x17B2;&#x17D2;&#x1799;&#x1794;&#x17D2;&#x17A2;&#x17BC;&#x1793;&#x17D7;&#x1780;&#x17BB;&#x1798;&#x17B6;&#x179A;&#x17A2;&#x17B6;&#x1785;&#x179F;&#x1794;&#x17D2;&#x1794;&#x17B6;&#x1799;&#x179A;&#x17B8;&#x1780;&#x179A;&#x17B6;&#x1799; &#x1787;&#x17B6;&#x1798;&#x17BD;&#x1799;&#x1780;&#x17B6;&#x179A;&#x1795;&#x17B6;&#x178F;&#x17CB;&#x1796;&#x178E;&#x17CD;&#x179A;&#x17BC;&#x1794;&#x1797;&#x17B6;&#x1796;&#x179F;&#x17D2;&#x179A;&#x179F;&#x17CB;&#x179F;&#x17D2;&#x17A2;&#x17B6;&#x178F;&#x17D4; </subfield>
  </datafield>
  <datafield tag="520" ind1=" " ind2=" ">
    <subfield code="a">This coloring book will help young children identify colors and learn to write short and simple words in both khmer and English. In addition, it gives so much fun as they color these beatiful pictures.</subfield>
  </datafield>
  <datafield tag="650" ind1=" " ind2=" ">
    <subfield code="a">Coloring </subfield>
  </datafield>
  <datafield tag="650" ind1=" " ind2=" ">
    <subfield code="a">&#x179F;&#x17C0;&#x179C;&#x1797;&#x17C5;&#x1795;&#x17B6;&#x178F;&#x17CB;&#x1796;&#x178E;&#x17CD;</subfield>
  </datafield>
  <datafield tag="942" ind1=" " ind2=" ">
    <subfield code="2">ddc</subfield>
    <subfield code="c">KHB</subfield>
    <subfield code="n">0</subfield>
  </datafield>
  <datafield tag="999" ind1=" " ind2=" ">
    <subfield code="c">8312</subfield>
    <subfield code="d">8312</subfield>
  </datafield>
  <datafield tag="952" ind1=" " ind2=" ">
    <subfield code="0">0</subfield>
    <subfield code="1">0</subfield>
    <subfield code="2">ddc</subfield>
    <subfield code="4">0</subfield>
    <subfield code="7">0</subfield>
    <subfield code="8">Khmer-English Bilingual </subfield>
    <subfield code="a">001</subfield>
    <subfield code="b">001</subfield>
    <subfield code="c">OKHR</subfield>
    <subfield code="d">2025-09-09</subfield>
    <subfield code="l">0</subfield>
    <subfield code="o">ANO 495.916</subfield>
    <subfield code="p">FISTK04135</subfield>
    <subfield code="r">2025-09-09 08:27:14</subfield>
    <subfield code="t">1</subfield>
    <subfield code="w">2025-09-09</subfield>
    <subfield code="y">KHB</subfield>
  </datafield>
  <datafield tag="952" ind1=" " ind2=" ">
    <subfield code="0">0</subfield>
    <subfield code="1">0</subfield>
    <subfield code="2">ddc</subfield>
    <subfield code="4">0</subfield>
    <subfield code="7">0</subfield>
    <subfield code="8">Khmer-English Bilingual </subfield>
    <subfield code="a">001</subfield>
    <subfield code="b">001</subfield>
    <subfield code="c">OKHR</subfield>
    <subfield code="d">2025-09-09</subfield>
    <subfield code="l">1</subfield>
    <subfield code="o">ANO 495.916</subfield>
    <subfield code="p">FISTK04136</subfield>
    <subfield code="r">2026-01-13 10:37:17</subfield>
    <subfield code="s">2026-01-13</subfield>
    <subfield code="t">2</subfield>
    <subfield code="w">2025-09-09</subfield>
    <subfield code="y">KHB</subfield>
  </datafield>
  <datafield tag="952" ind1=" " ind2=" ">
    <subfield code="0">0</subfield>
    <subfield code="1">0</subfield>
    <subfield code="2">ddc</subfield>
    <subfield code="4">0</subfield>
    <subfield code="7">0</subfield>
    <subfield code="8">Khmer-English Bilingual </subfield>
    <subfield code="a">001</subfield>
    <subfield code="b">001</subfield>
    <subfield code="c">OKHR</subfield>
    <subfield code="d">2025-09-09</subfield>
    <subfield code="l">0</subfield>
    <subfield code="o">ANO 495.916</subfield>
    <subfield code="p">FISTK04134</subfield>
    <subfield code="r">2025-09-09 08:27:44</subfield>
    <subfield code="t">3</subfield>
    <subfield code="w">2025-09-09</subfield>
    <subfield code="y">KHB</subfield>
  </datafield>
</record>
